Up, down & around / (Record no. 2940)

MARC details
000 -LEADER
fixed length control field 01049cam a2200301 a 4500
005 - DATE AND TIME OF LATEST TRANSACTION
control field 20250827092245.0
020 ## - INTERNATIONAL STANDARD BOOK NUMBER
International Standard Book Number 9780545279352
040 ## - CATALOGING SOURCE
Original cataloging agency DLC
Transcribing agency DLC
Modifying agency DLC
Language of cataloging eng
050 00 - LIBRARY OF CONGRESS CALL NUMBER
Classification number PZ8.3.A957
Item number 2007
082 00 - DEWEY DECIMAL CLASSIFICATION NUMBER
Classification number 808
100 1# - MAIN ENTRY--PERSONAL NAME
Personal name Ayres, Katherine
245 10 - TITLE STATEMENT
Title Up, down & around /
Statement of responsibility, etc. Katherine Ayres ; illustrated by Nadine Bernard Westcott.
246 3# - VARYING FORM OF TITLE
Title proper/short title Up, down and around
250 ## - EDITION STATEMENT
Edition statement First published in 2007
260 ## - PUBLICATION, DISTRIBUTION, ETC.
Place of publication, distribution, etc. New York :
Name of publisher, distributor, etc. Scholastic,
Date of publication, distribution, etc. 2007
300 ## - PHYSICAL DESCRIPTION
Extent 26 unnumbered pages :
Other physical details color illustrations ;
Dimensions 28 cm.
505 ## - FORMATTED CONTENTS NOTE
Formatted contents note E <br/>
520 ## - SUMMARY, ETC.
Summary, etc. A garden produces a variety of edible plants, such as corn that grows up, onions that grow down, and tomato vines that twine all around.
521 ## - TARGET AUDIENCE NOTE
Target audience note 290 <br/>
Source Lexile <br/>
521 ## - TARGET AUDIENCE NOTE
Target audience note E <br/>
Source Raz-Plus <br/>
650 #1 - SUBJECT ADDED ENTRY--TOPICAL TERM
Topical term or geographic name entry element Gardening
Form subdivision Fiction.
650 #1 - SUBJECT ADDED ENTRY--TOPICAL TERM
Topical term or geographic name entry element English language
General subdivision Prepositions
Form subdivision Fiction.
650 #1 - SUBJECT ADDED ENTRY--TOPICAL TERM
Topical term or geographic name entry element Stories in rhyme.
700 1# - ADDED ENTRY--PERSONAL NAME
Personal name Westcott, Nadine Bernard
Relator term illustrations ;
906 ## - LOCAL DATA ELEMENT F, LDF (RLIN)
a 7
b cbc
c orignew
d 1
e ocip
f 20
g y-gencatlg
942 ## - ADDED ENTRY ELEMENTS (KOHA)
Source of classification or shelving scheme Dewey Decimal Classification
Koha item type Books
Suppress in OPAC No
999 ## -
-- 2940
-- 2940
Holdings
Withdrawn status Lost status Source of classification or shelving scheme Damaged status Not for loan Collection Home library Current library Shelving location Date acquired Total Checkouts Full call number Barcode Date last seen Date last checked out Copy number Price effective from Koha item type Date due
    Dewey Decimal Classification     Non-Fiction Footprints International School Library Network Toul Kork Campus Footprints International School Library Network Toul Kork Campus TK Primary Library Room(4th Floor), Bookcase 7, Shelves 57-60, Dark Green Books 04/29/2025 1 AYR 808 PZ8.A957 FISTK01950 08/20/2025 08/20/2025 2 04/29/2025 Books 09/03/2025
    Dewey Decimal Classification     Non-Fiction Footprints International School Library Network Toul Tom Poung Campus Footprints International School Library Network Toul Tom Poung Campus TTP Primary Green Bookshelves 01/24/2024 2 AYR 808 PZ8.A957 FISBK05598 01/14/2026 08/05/2025 1 01/24/2024 Books  
    Dewey Decimal Classification     Non-Fiction Footprints International School Library Network Toul Tom Poung Campus Footprints International School Library Network Toul Tom Poung Campus TTP Primary Green Bookshelves 08/27/2025   AYR 808 PZ8.A957 FISBK05597 08/27/2025   3 08/27/2025 Books